Las tragedias grotescas

Guardado en:
Bibliografiske detaljer
Hovedforfatter: Baroja, Pío
Format: Bog
Sprog:Undetermined
Udgivet: Madrid, España Espasa Calpe 1963
Udgivelse:3
Fag:
Tags: Tilføj Tag
Ingen Tags, Vær først til at tagge denne postø!

MARC

LEADER 00000nam a2200000Ia 4500
008 170316s9999 xx 000 0 und d
040 |a cru BVZT 
090 |a 862 B-6t 
100 |a Baroja, Pío 
245 |a Las tragedias grotescas 
250 |a 3 
260 |a Madrid, España 
260 |b Espasa Calpe 
260 |c 1963 
300 |a 161 páginas 
650 |a LITERATURA ESPAÑOLA 
999 |c 9569  |d 9569 
942 |c 15 D  |h 862 B-6t  |2 z